书目信息 |
| 题名: |
拔河
|
|
| 作者: | ;烟台海洋渔业公司联合加工厂体育运动委员会 编 | |
| 分册: | ||
| 出版信息: | 北京 人民体育出版社 1979 |
|
| 页数: | 39页 | |
| 开本: | 19cm | |
| 丛书名: | 体育锻炼方法丛书 | |
| 单 册: | ||
| 中图分类: | G898.1 | |
| 科图分类: | ||
| 主题词: | 拔河 | |
| 电子资源: | ||
| ISBN: | ||
| 000 | 00739nam2 2200241 45 | |
| 001 | 0179003887 | |
| 005 | 20060815172947.62 | |
| 010 | @dCNY0.11 | |
| 091 | @aCN@b7015.1689 | |
| 100 | @a19950717d1979 em y0chiy0121 ea | |
| 101 | 0 | @achi |
| 102 | @aCN@b110000 | |
| 105 | @ay z 000yy | |
| 200 | 10 | @a拔河@Aba he@f烟台海洋渔业公司联合加工厂体育运动委员会编 |
| 210 | @a北京@c人民体育出版社@d1979 | |
| 215 | @a39页@d19cm | |
| 225 | 2 | @a体育锻炼方法丛书 |
| 410 | 0 | @120010@a体育锻炼方法丛书 |
| 606 | @a拔河 | |
| 690 | @aG898.1@v3 | |
| 711 | 02 | @a烟台海洋渔业公司联合加工厂体育运动委员会@Ayan tai hai yang yu ye gong si lian he jia gong chang ti yu yun dong wei yuan hui@4编 |
| 801 | 0 | @aCN@bTSSF@c20060815 |
| 905 | @a10447@dG898.1@e218 | |
| 拔河/烟台海洋渔业公司联合加工厂体育运动委员会编.-北京:人民体育出版社,1979 |
| 39页;19cm.-(体育锻炼方法丛书) |
| ISBN :CNY0.11 |
| ● |
| 相关链接 |
|
|
|
|
正题名:拔河
索取号:G898.1/218
 
预约/预借
| 序号 | 登录号 | 条形码 | 馆藏地/架位号 | 状态 | 备注 |
| 1 | 0460492 | 204604927 | 密集书库/ [索取号:G898.1/218] | 在馆 |